| 000 | 01471cam a2200433 a 4500 | ||
|---|---|---|---|
| 999 |
_c532771 _d532771 |
||
| 001 | 4913259 | ||
| 003 | NUST - | ||
| 005 | 20191202170725.0 | ||
| 008 | 040809r20041886enk b 000 1 eng | ||
| 010 | _a 2004041511 | ||
| 020 | _a0192840711 (pbk.) | ||
| 035 | _a(OCoLC)54065103 | ||
| 035 | _a(OCoLC)ocm54065103 | ||
| 035 | _a(DLC) 2004041511 | ||
| 035 | _a(NNC)4913259 | ||
| 038 | _aMSOHAIL | ||
| 040 |
_aDLC _cLIBRARY |
||
| 043 | _ae-uk-en | ||
| 050 | 0 | 0 |
_aPR4750 _b.M25 2004 |
| 082 | 0 | 0 |
_a823.8 HAR _222 |
| 100 | 1 |
_aHardy, Thomas, _d1840-1928. _926348 |
|
| 245 | 1 | 4 |
_aThe mayor of Casterbridge / _cThomas Hardy ; edited with notes by Dale Kramer ; with a new introduction by Pamela Dalziel. |
| 260 |
_aOxford ; _aNew York : _bOxford University Press, _cc.2001. |
||
| 300 |
_alxi, 461 p. ; _c20 cm. |
||
| 490 | 1 | _aOxford world's classics | |
| 504 | _aIncludes bibliographical references. | ||
| 650 | 0 |
_aSeparation (Psychology) _vFiction. _xGeneral books _926349 |
|
| 650 | 0 |
_aFathers and daughters _vFiction. _93695 |
|
| 650 | 0 |
_aRunaway husbands _vFiction. _926350 |
|
| 650 | 0 |
_aMen _zEngland _vFiction. _926351 |
|
| 650 | 0 |
_aAtonement _vFiction. _912082 |
|
| 650 | 0 |
_aMayors _vFiction. _926352 |
|
| 651 | 0 |
_aWessex (England) _vFiction. _926353 |
|
| 655 | 7 |
_aPsychological fiction. _2lcsh _9953 |
|
| 700 | 1 |
_aKramer, Dale, _d1936- _926354 |
|
| 830 | 0 |
_aOxford world's classics (Oxford University Press) _911781 |
|
| 942 |
_2ddc _cBK |
||